• 首页
  • 本馆介绍
  • 公告通知
  • 最新文献
  • 馆藏检索
  • 电子资源
  • 读者导购
  • 参考咨询
  • 我的图书馆
  • 登录
  • 详细信息显示
  • 放入我的书架
  • 预约/预借图书
  • 作者相关作品
  • 分类相关作品
  • 丛书相关作品
  • 出版社相关作品

书目信息

  • 表格格式
  • 工作单格式
  • 卡片格式
题名:
三角证题法
    
 
作者: 仇岷 , 王云亭 编著
分册:  
出版信息: 石家庄   河北人民出版社  1983
页数: 170页
开本: 19cm
丛书名:
单 册:
中图分类: O124.1-44 , G633.6
科图分类:
主题词: 平面三角--解题 , 教育--各级
电子资源:
ISBN:
000 00706nam0 2200265 45
001 0183012193
005 20060810165340.01
010    @dCNY0.46
091    @a7086.1117
100    @a19950226d1983 em y0chiy0121 ea
101 0  @achi
102    @aCN@b130000
105    @ay a 000yy
200 10 @a三角证题法@Asan jiao zheng ti fa@f仇岷,王云亭编著
210    @a石家庄@c河北人民出版社@d1983
215    @a170页@d19cm
606    @a平面三角@x解题
606 0  @a教育@x各级
690    @aO124.1-44@v3
690    @aG633.6
701  0 @a仇岷@Aqiu min@4编著
701  0 @a王云亭@Awang yun ting@4编著
801  0 @aCN@b上海图书馆@c20060810
801  2 @aCN@bNLC@c20060721
905    @f4@b159688-691@dG633.6@e114
    
    三角证题法/仇岷,王云亭编著.-石家庄:河北人民出版社,1983
    170页;19cm
    
    
    ISBN :CNY0.46
    
●
相关链接 在E读中查询图书 在五车中查询图书 在当当中查询图书 在豆瓣中查询图书


正题名:三角证题法     索取号:G633.6/114         预约/预借

序号 登录号 条形码 馆藏地/架位号 状态 备注
1 0159688   000245309   密集书库/ [索取号:G633.6/114] 在馆    
2 0159689   000245292   密集书库/ [索取号:G633.6/114] 在馆    
3 0159690   000245336   密集书库/ [索取号:G633.6/114] 在馆    
4 0159691   000245363   密集书库/ [索取号:G633.6/114] 在馆    
5 0159692   202438139   第一样本阅览室/ [索取号:G633.6/114] 在馆    
6 0425347   204253477   密集书库/ [索取号:G633.6/114] 在馆    
7 0425348   204253486   密集书库/ [索取号:G633.6/114] 在馆    
8 0448512   204485128   密集书库/ [索取号:G633.6/114] 在馆    
唐山师范学院图书馆 欢迎您!
大连网信软件有限公司© 版权所有